000 00352nam a2200133Ia 4500
008 151001s9999||||xx |||||||||||||| ||und||
100 _aप्र द मराठे
245 _aचंद्रे वेचिले चांदणे
250 _a1
260 _bवरदा बुक्स
260 _c1975
300 _a119
365 _b18
999 _c959094
_d959091